Αλληλογραφία, 1931-1960
Αποθηκεύτηκε σε:
| Κύριος συγγραφέας: | |
|---|---|
| Άλλοι συγγραφείς: | |
| Μορφή: | Βιβλίο |
| Γλώσσα: | Greek |
| Δημοσίευση: |
Αθήνα :
Καστανιώτης,
1988.
|
| Θέματα: | |
| Ετικέτες: |
Προσθήκη ετικέτας
Δεν υπάρχουν, Καταχωρήστε ετικέτα πρώτοι!
|
MARC
| LEADER | 00000cam a2200000 i 4500 | ||
|---|---|---|---|
| 001 | 1/71991 | ||
| 008 | 970313s1988 gr | ||| |||| ||gre|| | ||
| 035 | |a 1992 |b 1 |c Δωρεά |l 10031114 | ||
| 040 | |a GR-MyUa |b gre |e AACR2 | ||
| 041 | 0 | |a gre | |
| 082 | 7 | |a 889.64 |2 (22) | |
| 100 | 1 | |a Σεφέρης, Γιώργος, |d 1900-1971. | |
| 245 | 1 | 0 | |a Αλληλογραφία, 1931-1960 / |c Γιώργος Σεφέρης, Ανδρέας Καραντώνης ; φιλολογική επιμέλεια Φώτης Δημητρακόπουλος. |
| 260 | |a Αθήνα : |b Καστανιώτης, |c 1988. | ||
| 300 | |a 259 σ. ; |c 21 εκ. | ||
| 504 | |a Περιέχει ευρετήριο και φωτογραφικό παράρτημα. | ||
| 600 | 1 | 0 | |a Σεφέρης, Γιώργος, |d 1900-1971. |
| 600 | 1 | 0 | |a Καραντώνης, Ανδρέας, |d 1910-1982. |
| 650 | 0 | 0 | |a Poets, Greek (Modern) |x Correspondence. |
| 700 | 1 | |a Δημητρακόπουλος, Φώτης Αρ., |d 1949- |e edt | |
| 852 | |a INST |b LESVOS |e 19990802 |h 889.64 ΣΕΦ |p 005100001217 |q 005100001217 |t BK |y 0 | ||
| 852 | |a INST |b RHODES |e 19970313 |h 889.64 ΣΕΦ |p 005400004160 |q 005400004160 |t BK |y 0 | ||
| 852 | |a INST |b RHODES |e 19990121 |h 889.64 ΣΕΦ |p 005400005728 |q 005400005728 |t BK |y 0 | ||
| 852 | |a INST |b RHODES |e 19980529 |h 889.64 ΣΕΦ |p 005400006297 |q 005400006297 |t BK |y 0 | ||
| 901 | |a BIBL1-1999-2 | ||
| 901 | |a BIBL-1998-2 | ||
| 922 | |a 4ΕΛΗ |b 199802 |c ΚΠΣ/Ν |d EMVASIS | ||
| 922 | |a 4ΕΛΗ |b 199802 |c ΑΝΑΓΝΩΣΤΟΠΟΥΛΟΥ |d EMVASIS | ||
| 970 | |z 1999/08/02 |a ΚΑΜΑΤΣΟΥ |b ΔΕΣΠΟΙΝΑ | ||